| 000 | 01773cam a22004814a 4500 | ||
|---|---|---|---|
| 001 | muse84875 | ||
| 003 | MdBmJHUP | ||
| 005 | 20210127151623.0 | ||
| 006 | m o d | ||
| 007 | cr||||||||nn|n | ||
| 008 | 181203s1991 mx o 00 0 spa d | ||
| 020 | _a9786076289075 | ||
| 020 | _z9681204867 | ||
| 020 | _z9789681204860 | ||
| 035 | _a(OCoLC)1076953374 | ||
| 040 |
_aMdBmJHUP _cMdBmJHUP |
||
| 100 | 1 |
_aLezama, José Luis, _eauteur. |
|
| 245 | 1 | 0 |
_aSociedad, espacio y población _btemas relevantes de sociología para la demografía y el desarrollo urbano / _cJosé Luis Lezama. |
| 250 | _aPrimera edición. | ||
| 264 | 1 | _bColegio de México, Centro de Estudios Demográficos y deDesarrollo Urbano, | |
| 264 | 3 | _bProject MUSE, | |
| 300 | _a1 online resource (1 ressource en ligne.) | ||
| 490 | 0 |
_aDocumentos de docencia ; _vnúm. 5 |
|
| 506 | 0 |
_aOpen Access _fUnrestricted online access _2star |
|
| 588 | _aDescription based on print version record. | ||
| 650 | 0 |
_aSociology, Urban. _2fast _0(OCoLC)fst01123961 |
|
| 650 | 0 |
_aSociology. _2fast _0(OCoLC)fst01123875 |
|
| 650 | 0 | _aSociologie urbaine. | |
| 650 | 0 | _aSociologie. | |
| 650 | 0 | _aSociology. | |
| 650 | 0 | _aSociology, Urban. | |
| 655 | 0 |
_aElectronic books. _2lcgft |
|
| 655 | 0 | _aElectronic books. | |
| 655 | 7 |
_aElectronic books. _2local |
|
| 710 | 2 |
_aColegio de México. _bCentro de Estudios Demográficos y de DesarrolloUrbano. |
|
| 710 | 2 |
_aProject Muse. _edistributor |
|
| 830 | 0 | _aBook collections on Project MUSE. | |
| 856 | 4 | 0 |
_zFull text available: _uhttps://muse.jhu.edu/book/74614/ |
| 999 |
_c26422 _d26422 |
||